Tìm hiểu các quy định về áp dụng luật hôn nhân gia đình đối với đồng bào dân tộc thiểu số

Đã lưu trong:
Sonraí Bibleagrafaíochta
Príomhúdar: Phạm, Trọng Cường
Formáid: Leabhar
Teanga:Undetermined
Foilsithe: Hà Nội Tư Pháp 2005
Ábhair:
Clibeanna: Cuir Clib Leis
Gan Chlibeanna, Bí ar an gcéad duine leis an taifead seo a chlibeáil!
Thư viện lưu trữ: Trung tâm Học liệu Trường Đại học Cần Thơ
LEADER 00679nam a2200205Ia 4500
001 CTU_105249
008 210402s9999 xx 000 0 und d
020 |c 11000 
082 |a 346.597016 
082 |b C561 
100 |a Phạm, Trọng Cường 
245 0 |a Tìm hiểu các quy định về áp dụng luật hôn nhân gia đình đối với đồng bào dân tộc thiểu số 
245 0 |c Phạm Trọng Cường 
260 |a Hà Nội 
260 |b Tư Pháp 
260 |c 2005 
650 |a Family law,Marriage law 
650 |z Vietnam,Vietnam 
904 |i Truc 
980 |a Trung tâm Học liệu Trường Đại học Cần Thơ